Представление документа в формате RUSMARC

ПолеНазваниеЗначение
  Тип записи a
  Библиографический уровень a
001 Контрольный номер RU/CBS_UL/BASE/4bd10d67b7274ba191dd7250bedbe93f
005 Дата корректировки 20260204152457.3
100 Данные общей обработки __
a Данные общей обработки 20260204 ||| 0rusy0189 ca
101 Язык документа 0_
a Язык текста rus
102 Страна публикации __
a Страна публикации RU
200 Заглавие и сведения об ответственности 1_
a Заглавие Ленин и малая Родина
e Сведения, относящиеся к заглавию [о том, как приметы повлияли на образ вождя]
f Первые сведения об ответственности В. Толстой
300 Общие примечания __
a Общие примечания Прил. - с. 2. - (Аргументы и факты в Ульяновске)
461 Уровень набора _0
1 2000
a Аргументы и факты
463 Уровень физической единицы _0
1 2000
a № 3 (21-27 янв.)
1 2101
d 2026
1 001RU/CBS_UL/BASE/ca0691b9568c49bcacfef3274f4ca826
600 Персоналии _1
a Персоналии (Фамилия) Ленин
b Персоналии (Имя, инициалы) В.И.
606 Тематические рубрики 0_
a Основная рубрика Ленин (Ульянов), Владимир Ильич (1870-1924) - Ульяновская область
610 Ключевые слова 0_
a Ключевые слова вожди, вожди советские, симбиряне, приметы
686 Индексы других классификаций __
2 Код системы rubbk
701 Альтернативная интеллектуальная ответственность _1
a Фамилия Толстой
b Имя (инициалы) В.
801 Источник записи _0
a Страна RU
b Организация МБУК ЦБС г. Ульяновска
c Дата составления 20260204
g Правила каталогизации RCR
801 Источник записи _1
a Страна RU
b Организация МБУК ЦБС г. Ульяновска
c Дата составления 20260204
g Правила каталогизации RCR
901 Тип документа __
t Тип документа f
w Контрольный № источника RU/CBS_UL/BASE/ca0691b9568c49bcacfef3274f4ca826
909 Создатель записи __
a Создатель записи lib1